| 000 | 00438nam a2200157 4500 | ||
|---|---|---|---|
| 001 | 132145 | ||
| 003 | ES-MaACL | ||
| 005 | 20230906194119.0 | ||
| 007 | t| | ||
| 008 | 070214s1978 sp r ||||1| spa d | ||
| 100 | 1 |
_aRojas, Robinson. _999059 |
|
| 245 | 1 | 0 |
_aChina _b: una revolución en agonía / _cRobinson Rojas. |
| 260 |
_aBarcelona : _bMartínez Roca, _c1978. |
||
| 300 |
_a476 p. ; _c20 cm. |
||
| 852 |
_aES-MaACL _jA-9307 _bR.98313 |
||
| 999 |
_c132145 _d132145 |
||